Nom réel de personnalités - Statistiques

Statistiques générales
  • Ce quiz a été pris 134 fois
  • Le résultat moyen est 6 sur 15
Statistiques - réponses
Nom de naissance Pseudonyme % Correct
Jean-Philippe Smet Johnny Hallyday
78%
Marion Le Pen Marine Le Pen
78%
Cassius Clay Mohamed Ali
73%
Didier Morville Joey Starr
58%
François-Marie Arouet Voltaire
53%
Michel de Nostredame Nostradamus
51%
Joseph Djougachvili Staline
44%
Norma Jeane Mortensen/Baker Marilyn Monroe
43%
Marshall Bruce Mathers Eminem
37%
Edson Arantes do Nascimento Pelé
33%
Henri Grouès Abbé Pierre
13%
Joaquín Guzmán El Chapo
9%
Archibald Alexander Leach Cary Grant
7%
Garik Weinstein Garry Kasparov
3%
Alcide Héraclès
0%
Aucun quiz correspondant
Distribution des résultats
% des personnes avec chaque résultat
Percentile par nombre de réponses
Votre historique - résultats
Vous n’avez pas pris ce quiz